| 000 | 01047nam0a2200301 4500 | ||
|---|---|---|---|
| 001 | RU\NLR\BIBL_A\022010732 | ||
| 005 | 20250625084510.0 | ||
| 010 | _91000 | ||
| 035 | _a(NLR Aleph) 022010732 | ||
| 090 |
_a13316835 _c13316835 |
||
| 100 | _a20230823d1986 |||y0rusy50 ca | ||
| 101 | 0 | _achv | |
| 102 | _aRU | ||
| 105 | _ay z 000 y | ||
| 181 | 0 |
_ai _baxxe |
|
| 182 | 0 | _an | |
| 200 | 1 |
_aХуркайӑк ҫулӗ _eсӑвӑсем _fСветлана Асамат |
|
| 203 |
_aТекст _bвизуальный _cнепосредственный |
||
| 210 |
_aШупашкар _cЧӑваш кӗнеке изд-ви _d1986 |
||
| 215 |
_a46,[2] с. _d16 |
||
| 300 | _aВ вып. дан. авт.: Светлана Асамат (Светлана Васильевна Смирнова) | ||
| 541 | 1 |
_aЖуравлиный клин _eстихи _zrus |
|
| 686 | 1 | _aШ6(2=Чув.)7-5 | |
| 700 | 1 |
_aАсамат _bС.В. _gСветлана Васильевна _4070 |
|
| 852 |
_aNLR _bОНЛ _jЧув./2-4203 |
||
| 942 | _cBOOK | ||
| 980 | _aNB | ||